[Event "42nd Olympiad 2016"]
[Site "Baku AZE"]
[Date "2016.09.10"]
[Round "8.41"]
[Board "1"]
[White "Baburin, Alexander"]
[Black "Mohammed, Zozek Salah Mohammed"]
[Result "1-0"]
[WhiteTitle "GM"]
[BlackTitle "FM"]
[WhiteElo "2487"]
[BlackElo "2251"]
[WhiteTeam "Ireland"]
[BlackTeam "Iraq"]
[WhiteFideId "2500914"]
[BlackFideId "4803361"]
[EventDate "2016.09.02"]

1. d4 d5 2. c4 c6 3. Nf3 Nf6 4. e3 e6 5. Bd3 Nbd7 6. Nbd2 Bd6 7. O-O O-O 8. e4
e5 9. cxd5 cxd5 10. exd5 exd4 11. Ne4 Nxe4 12. Bxe4 Nf6 13. Qxd4 Nxe4 14. Qxe4
Re8 15. Qd4 Bf5 16. Bg5 Qb6 17. Qxb6 axb6 18. a3 Ra5 19. Rad1 Be4 20. Rfe1 Kf8
21. Be3 Rb5 22. b4 h6 23. Nd2 Bc2 24. Nc4 Bxd1 25. Nxd6 Rxd5 26. Nxe8 Kxe8 27.
Bd4+ 1-0

[Event "42nd Olympiad 2016"]
[Site "Baku AZE"]
[Date "2016.09.10"]
[Round "8.41"]
[Board "2"]
[White "Salih, Akar Ali Salih"]
[Black "Heidenfeld, Mark"]
[Result "1/2-1/2"]
[WhiteTitle "FM"]
[BlackTitle "IM"]
[WhiteElo "2302"]
[BlackElo "2366"]
[WhiteTeam "Iraq"]
[BlackTeam "Ireland"]
[WhiteFideId "4800575"]
[BlackFideId "2500990"]
[EventDate "2016.09.02"]

1. e4 e6 2. d4 d5 3. Nc3 dxe4 4. Nxe4 Nd7 5. Nf3 Ngf6 6. Nxf6+ Nxf6 7. Be3 Nd5
8. Bd2 a6 9. Bd3 c5 10. Qe2 cxd4 11. O-O-O Qc7 12. Kb1 Nb4 13. Bb5+ Nc6 14.
Bxc6+ Qxc6 15. Nxd4 Qb6 16. Bg5 Bc5 17. Nf5 O-O 18. Nh6+ gxh6 19. Bf6 e5 20. Qf3
Qb4 21. c4 Qxc4 22. Rc1 Qf4 23. Qxf4 exf4 24. Rxc5 Re8 25. Rd1 Bg4 26. f3 b6 27.
Rc4 Bf5+ 28. Ka1 Re6 29. Bc3 Re2 30. Rxf4 Bg6 31. Rfd4 h5 32. g3 b5 33. a3 h6
34. f4 Bf5 35. Rd5 Bg4 36. h3 Bf3 37. R5d3 Re3 38. Rd8+ Re8 39. Rxa8 Rxa8 40.
Rd6 Kh7 41. Rf6 Bd5 42. f5 Rd8 43. b4 Rc8 44. Kb2 Rc6 1/2-1/2

[Event "42nd Olympiad 2016"]
[Site "Baku AZE"]
[Date "2016.09.10"]
[Round "8.41"]
[Board "3"]
[White "O'Donnell, Conor"]
[Black "Al-Saffar, Araz Basim Mohammed S"]
[Result "1-0"]
[WhiteTitle "FM"]
[BlackTitle "IM"]
[WhiteElo "2343"]
[BlackElo "2361"]
[WhiteTeam "Ireland"]
[BlackTeam "Iraq"]
[WhiteFideId "2504243"]
[BlackFideId "4801040"]
[EventDate "2016.09.02"]

1. d4 e6 2. c4 b6 3. e4 Bb7 4. Bd3 Nc6 5. Nf3 Nb4 6. O-O Nxd3 7. Qxd3 d6 8. Nc3
Ne7 9. Bf4 Ng6 10. Bg3 Be7 11. b4 O-O 12. Rfd1 Qd7 13. h4 f5 14. h5 fxe4 15.
Nxe4 Nf4 16. Bxf4 Rxf4 17. Re1 h6 18. Re3 Raf8 19. Rae1 Bd8 20. Ned2 Qf7 21.
Rxe6 Qxh5 22. Qe3 Bg5 23. Qe2 Bc6 24. d5 Bd7 25. Nxg5 Qxg5 26. Re3 Bg4 27. f3
Bf5 28. Re7 Rd4 29. Nb3 Rh4 30. Rxc7 Qh5 31. Qe7 Rf7 32. Qd8+ Rf8 33. Qe7 Rf7
34. Qxf7+ Qxf7 35. Rxf7 Kxf7 36. g4 Bd7 37. Re4 h5 38. gxh5 Rxh5 39. Nd4 b5 40.
cxb5 Rxd5 41. Nc6 Rxb5 42. Re7+ 1-0

[Event "42nd Olympiad 2016"]
[Site "Baku AZE"]
[Date "2016.09.10"]
[Round "8.41"]
[Board "4"]
[White "Abdulwahhab, Ahmed Abdulsattar A"]
[Black "Daly, Colm"]
[Result "0-1"]
[WhiteTitle "FM"]
[BlackTitle "FM"]
[WhiteElo "2236"]
[BlackElo "2328"]
[WhiteTeam "Iraq"]
[BlackTeam "Ireland"]
[WhiteFideId "4801849"]
[BlackFideId "2500434"]
[EventDate "2016.09.02"]

1. e4 c5 2. Nf3 e6 3. d4 cxd4 4. Nxd4 a6 5. Bd3 Nf6 6. O-O Qc7 7. Qe2 d6 8. c4
g6 9. Nc3 Bg7 10. Rd1 O-O 11. Nf3 Nc6 12. h3 Nd7 13. Be3 Nde5 14. Rac1 Bd7 15.
Nxe5 Nxe5 16. b3 Rfc8 17. Bb1 Be8 18. f4 Nd7 19. Na4 b6 20. e5 dxe5 21. Rxd7
Bxd7 22. Nxb6 exf4 23. Nxa8 Rxa8 24. Qf3 fxe3 25. Qxa8+ Bf8 26. c5 Bc6 27. Qxa6
Qg3 28. Qe2 Bg7 29. Rc2 Be5 30. Kf1 h5 31. a4 Bf4 32. Rc4 Qh2 33. Ke1 Bg3+ 34.
Kd1 Qg1+ 35. Kc2 h4 36. Kb2 Bxg2 37. Bd3 Be5+ 38. Ka3 Bxh3 39. Kb4 Qg3 40. Re4
Bf4 41. a5 Bg2 42. a6 Bxe4 43. Bxe4 Bb8 44. Bf3 Qf4+ 45. Kb5 h3 46. Qd1 Kg7 47.
b4 h2 48. Ka5 Qe5 49. Qc2 e2 0-1

[Event "42nd Olympiad 2016"]
[Site "Baku AZE"]
[Date "2016.09.10"]
[Round "8.42"]
[Board "1"]
[White "Kojima, Shinya"]
[Black "Kayonde, Andrew"]
[Result "1/2-1/2"]
[WhiteTitle "IM"]
[BlackTitle "IM"]
[WhiteElo "2398"]
[BlackElo "2422"]
[WhiteTeam "Japan"]
[BlackTeam "Zambia"]
[WhiteFideId "7000812"]
[BlackFideId "8700281"]
[EventDate "2016.09.02"]

1. Nf3 d5 2. d4 c6 3. c4 e6 4. Qc2 dxc4 5. Qxc4 Nf6 6. Bg5 Be7 7. e3 h6 8. Bh4
Qa5+ 9. Nbd2 g5 10. Bg3 g4 11. Ne5 Ne4 12. O-O-O Nxg3 13. hxg3 Nd7 14. Nxg4 f5
15. Ne5 Nxe5 16. dxe5 Qxe5 17. Nf3 Qf6 18. Qf4 Qg7 19. Qc7 O-O 20. Bc4 Bf6 21.
Qxg7+ Kxg7 22. Nd4 Re8 23. Rh5 a6 24. Rdh1 c5 25. Nb3 b5 26. Be2 c4 27. Nd4 Rh8
28. g4 Bxd4 29. exd4 Bd7 30. Bf3 Rad8 31. gxf5 exf5 1/2-1/2

[Event "42nd Olympiad 2016"]
[Site "Baku AZE"]
[Date "2016.09.10"]
[Round "8.42"]
[Board "2"]
[White "Phiri, Richmond"]
[Black "Nanjo, Ryosuke"]
[Result "0-1"]
[WhiteTitle "IM"]
[BlackTitle "IM"]
[WhiteElo "2342"]
[BlackElo "2340"]
[WhiteTeam "Zambia"]
[BlackTeam "Japan"]
[WhiteFideId "8700443"]
[BlackFideId "7000634"]
[EventDate "2016.09.02"]

1. d4 Nf6 2. Nf3 g6 3. c4 Bg7 4. Nc3 O-O 5. e4 d6 6. Be2 e5 7. O-O Nc6 8. d5 Ne7
9. b4 a5 10. Ba3 axb4 11. Bxb4 Re8 12. c5 dxc5 13. Bxc5 b6 14. Bb4 c5 15. dxc6
Nxc6 16. Rb1 Nxb4 17. Rxb4 Be6 18. Ng5 Qe7 19. Qb1 Rec8 20. Nxe6 Rxc3 21. Nxg7
Kxg7 22. Rxb6 Ra4 23. Bd1 Rd4 24. Rb7 Rc7 25. Rxc7 Qxc7 26. Bf3 Qa5 27. Re1 Rd2
28. h3 Rxa2 29. Rd1 Qa7 30. Rf1 h5 31. Qc1 Qd4 32. Qd1 Rd2 33. Qb1 Nd7 34. Qb3
Rd3 35. Qb5 Nc5 36. Qb6 Rb3 37. Qc6 Rb2 38. Qa8 Nd3 39. Qd5 Rxf2 40. Qxd4 Rxf1+
41. Kxf1 exd4 42. g3 Kf6 43. Ke2 Nc5 44. h4 Ke5 45. g4 hxg4 46. Bxg4 Nxe4 47.
Bf3 Kf4 48. Bg2 Ng3+ 49. Kd3 Nf5 50. Bd5 f6 51. Bf7 Nxh4 52. Kxd4 Nf3+ 0-1

[Event "42nd Olympiad 2016"]
[Site "Baku AZE"]
[Date "2016.09.10"]
[Round "8.42"]
[Board "3"]
[White "Averbukh, Alex"]
[Black "Mwali, Chitumbo"]
[Result "0-1"]
[BlackTitle "IM"]
[WhiteElo "2223"]
[BlackElo "2335"]
[WhiteTeam "Japan"]
[BlackTeam "Zambia"]
[WhiteFideId "2028255"]
[BlackFideId "8700265"]
[EventDate "2016.09.02"]

1. b3 Nf6 2. Bb2 e6 3. e3 d5 4. f4 c5 5. Nf3 Nc6 6. Bb5 a6 7. Bxc6+ bxc6 8. O-O
Be7 9. Ne5 Bb7 10. d3 a5 11. a4 Qb6 12. Qf3 O-O 13. Nd2 Rad8 14. Qg3 Ne8 15.
Rae1 f6 16. Nef3 Nd6 17. Qh3 Bc8 18. g4 c4 19. Kh1 cxd3 20. cxd3 Qa6 21. d4 Ne4
22. Nxe4 dxe4 23. Nd2 Qd3 24. Qg2 Ba6 25. Rg1 Bb4 26. Bc1 c5 27. Rd1 cxd4 28.
Nxe4 Qe2 29. Ng3 Qxg4 30. h3 Qg6 31. exd4 Rd7 32. f5 exf5 33. Qf3 Bb7 34. d5
Rfd8 35. Kh2 Bxd5 36. Rxd5 Rxd5 37. Nh5 Rd3 38. Qe2 Bd6+ 39. Bf4 Bxf4+ 40. Nxf4
Rd2 41. Rxg6 hxg6 42. Kg1 Rxe2 43. Nxe2 Rd3 44. Nf4 Rxb3 45. Nxg6 Rg3+ 0-1

[Event "42nd Olympiad 2016"]
[Site "Baku AZE"]
[Date "2016.09.10"]
[Round "8.42"]
[Board "4"]
[White "Chumfwa, Kelvin"]
[Black "Yamada, Kohei"]
[Result "1/2-1/2"]
[WhiteTitle "IM"]
[BlackTitle "CM"]
[WhiteElo "2240"]
[BlackElo "2100"]
[WhiteTeam "Zambia"]
[BlackTeam "Japan"]
[WhiteFideId "8700435"]
[BlackFideId "7000936"]
[EventDate "2016.09.02"]

1. e4 c5 2. Nf3 d6 3. d4 cxd4 4. Nxd4 Nf6 5. Nc3 a6 6. Be2 e5 7. Nb3 Be7 8. O-O
O-O 9. a4 Be6 10. Bf3 Nbd7 11. Bg5 h6 12. Bxf6 Nxf6 13. Re1 Qc7 14. Nd2 Qc5 15.
Nb3 Qc7 16. Nd2 Qc5 17. Nb3 Qc6 18. Nc1 b5 19. Nd3 Qc4 20. Be2 Qc6 21. Bf3 Qc4
22. Be2 Qc6 23. axb5 axb5 24. Nb4 Qc5 25. Na6 Qb6 26. Bxb5 Rfc8 27. Qd3 Ng4 28.
Rf1 Bg5 29. Nd1 Rd8 30. h3 Nf6 31. c4 Nh5 32. Nc3 Nf4 33. Qf3 Ra7 34. Nb4 Rxa1
35. Rxa1 Bxc4 36. Bxc4 Qxb4 37. b3 Rc8 38. Kh2 Qb7 39. g3 Ne6 40. h4 Bd8 41. Nb5
Qb6 42. Kg2 Bf6 43. Nc3 Nc7 44. Rd1 Rf8 45. Qh5 Qc5 46. Rd3 Bd8 47. Rf3 Ne6 48.
Rxf7 Rxf7 49. Bxe6 Qxf2+ 50. Kh3 Qf1+ 1/2-1/2

[Event "42nd Olympiad 2016"]
[Site "Baku AZE"]
[Date "2016.09.10"]
[Round "8.43"]
[Board "1"]
[White "Ampie, Mauro"]
[Black "Khusenkhojaev, Muhammad"]
[Result "0-1"]
[WhiteTitle "FM"]
[BlackTitle "IM"]
[WhiteElo "2348"]
[BlackElo "2436"]
[WhiteTeam "Nicaragua"]
[BlackTeam "Tajikistan"]
[WhiteFideId "6101623"]
[BlackFideId "14700247"]
[EventDate "2016.09.02"]

1. e4 e5 2. Nf3 Nc6 3. d4 exd4 4. Nxd4 Bc5 5. Nxc6 Qf6 6. Qd2 dxc6 7. Nc3 Be6 8.
Na4 Rd8 9. Bd3 Bd4 10. c3 Be5 11. f4 Bc4 12. Nc5 Bxd3 13. Nxb7 Qh4+ 14. g3 Bxe4
15. gxh4 Rxd2 16. Bxd2 Bxh1 17. fxe5 Ne7 18. Be3 Kd7 19. O-O-O+ Bd5 20. c4 Kc8
21. Na5 Be6 22. Bxa7 Ng6 23. Bd4 Nxh4 24. Bf2 Nf3 25. Bg3 g5 26. Nxc6 h5 27. Nd4
Nxd4 28. Rxd4 h4 29. Bf2 g4 30. Rd2 Bxc4 31. b4 Kb7 32. Kb2 Be6 33. a4 Rh5 34.
a5 g3 35. hxg3 h3 36. Bg1 Rxe5 37. g4 Re4 38. Ka3 Re1 39. Bh2 Re3+ 40. Ka4 c6
41. g5 Ka6 42. b5+ cxb5+ 43. Kb4 Re4+ 44. Kc5 Kxa5 45. Rd1 Rc4+ 46. Kd6 Rg4 47.
Bg1 b4 48. Kc6 b3 49. Bc5 b2 50. Rd8 Ka4 51. Rb8 h2 0-1

[Event "42nd Olympiad 2016"]
[Site "Baku AZE"]
[Date "2016.09.10"]
[Round "8.43"]
[Board "2"]
[White "Khusenkhojaev, Mustafokhuja"]
[Black "Pineda, Juan Jose"]
[Result "1-0"]
[BlackTitle "FM"]
[WhiteElo "2212"]
[BlackElo "2175"]
[WhiteTeam "Tajikistan"]
[BlackTeam "Nicaragua"]
[WhiteFideId "14700727"]
[BlackFideId "6100465"]
[EventDate "2016.09.02"]

1. d4 Nf6 2. c4 g6 3. Nc3 Bg7 4. Nf3 d6 5. g3 O-O 6. Bg2 c6 7. O-O Nbd7 8. Qc2
e5 9. dxe5 Nxe5 10. Nxe5 dxe5 11. Rd1 Qe7 12. h3 Bf5 13. e4 Be6 14. b3 Rad8 15.
Be3 b6 16. a4 Rxd1+ 17. Qxd1 Rd8 18. Qc2 Qb7 19. Bf1 a6 20. b4 Nd7 21. Rb1 Bf8
22. Na2 Be7 23. Nc1 Qc7 24. g4 c5 25. b5 a5 26. Na2 Nf6 27. Nc3 h5 28. f3 Qc8
29. Qh2 Kg7 30. g5 Nh7 31. Nd5 Bxd5 32. Qxe5+ Kg8 33. cxd5 Bd6 34. Qc3 Qc7 35.
Bg2 Bh2+ 36. Kh1 Bf4 37. Qd2 Bxe3 38. Qxe3 Qg3 39. Re1 Nxg5 40. f4 Qxe3 41. Rxe3
Nh7 42. e5 Kf8 43. h4 Ke7 44. Kh2 Nf8 45. Kg3 Nd7 46. d6+ Ke6 47. Rd3 Nxe5 48.
fxe5 Kxe5 49. d7 c4 50. Rd1 f6 51. Bc6 g5 52. Rd5+ Ke6 53. hxg5 fxg5 54. Rxg5 c3
55. Rxh5 1-0

[Event "42nd Olympiad 2016"]
[Site "Baku AZE"]
[Date "2016.09.10"]
[Round "8.43"]
[Board "3"]
[White "Ortiz, Marcos"]
[Black "Kabilov, Amin"]
[Result "0-1"]
[WhiteElo "2219"]
[BlackElo "2150"]
[WhiteTeam "Nicaragua"]
[BlackTeam "Tajikistan"]
[WhiteFideId "6100678"]
[BlackFideId "14700859"]
[EventDate "2016.09.02"]

1. e4 e5 2. Nf3 Nc6 3. Bb5 Nf6 4. d4 Nxe4 5. dxe5 d5 6. Nbd2 Bd7 7. Qe2 Nc5 8.
Nb3 Ne6 9. c3 g6 10. O-O Bg7 11. Rd1 Ne7 12. Bd3 a5 13. c4 a4 14. Nbd4 dxc4 15.
Bxc4 Qc8 16. Bg5 Nc6 17. Bxe6 fxe6 18. Nxc6 bxc6 19. Rxd7 Qxd7 20. Rd1 Qf7 21.
Qa6 O-O 22. Qxc6 Bxe5 23. Qb5 Bf6 24. h4 Bxg5 25. hxg5 Qf5 26. Qc6 a3 27. bxa3
Rxa3 28. Rd7 Qb1+ 29. Kh2 Qb6 30. Rxc7 Qxc6 31. Rxc6 Rxa2 32. Kg3 Re2 33. Nd4
Re5 34. f4 Re3+ 35. Kf2 Re4 36. Nxe6 Re8 37. Nc7 Rc8 38. Kf3 Ra4 39. Rc5 Ra7 40.
Ne6 Rxc5 41. Nxc5 Ra3+ 42. Kg4 Kf7 43. Nd7 Rb3 44. g3 Ra3 45. Kh3 Ra7 46. Ne5+
Ke6 47. Kg4 Ra4 48. Nc6 Kd5 49. Ne5 Ra7 50. Kf3 Rc7 51. Kg4 Ke4 52. Nf3 Rd7 53.
Ne5 Rd6 54. Nf7 Rd7 55. Nh6 Ra7 56. Ng8 Kd5 57. Nf6+ Ke6 58. Ne4 Rc7 59. Nd2 Rc3
60. Nf3 Kd5 61. Ne5 Rc7 62. Nf3 Ke4 63. Ne5 Re7 64. Nf3 Ke3 65. Ne5 Kf2 66. Nd3+
Ke2 67. Ne5 Ke3 68. Nc6 Re4 69. Ne5 Ra4 70. Nd7 Kf2 71. Nf6 Ra3 72. Nxh7 Rxg3+
73. Kh4 Kf3 0-1

[Event "42nd Olympiad 2016"]
[Site "Baku AZE"]
[Date "2016.09.10"]
[Round "8.43"]
[Board "4"]
[White "Karimov, Alisher"]
[Black "Bravo, William"]
[Result "1/2-1/2"]
[BlackTitle "FM"]
[WhiteElo "2119"]
[BlackElo "2194"]
[WhiteTeam "Tajikistan"]
[BlackTeam "Nicaragua"]
[WhiteFideId "14700280"]
[BlackFideId "6100406"]
[EventDate "2016.09.02"]

1. d4 Nf6 2. Nf3 g6 3. g3 Bg7 4. Bg2 O-O 5. c4 d6 6. O-O Nc6 7. Nc3 a6 8. b3 Rb8
9. Nd5 Nxd5 10. cxd5 Nb4 11. e4 f5 12. Ng5 fxe4 13. Bxe4 c6 14. Nxh7 Kxh7 15.
Qh5+ Kg8 16. Bxg6 Rf6 17. Qh7+ Kf8 18. Bh6 Rxg6 19. Qxg6 Bxh6 20. Qxh6+ Kg8 21.
Qg6+ Kf8 22. Rae1 Nxd5 23. Re4 Qe8 24. Qh6+ Kf7 25. Qh7+ Kf8 26. Qh8+ Kf7 27.
Qh5+ Kf8 28. Qh8+ Kf7 29. Qh5+ Kf8 30. Qh8+ Kf7 1/2-1/2

[Event "42nd Olympiad 2016"]
[Site "Baku AZE"]
[Date "2016.09.10"]
[Round "8.44"]
[Board "1"]
[White "Ng, Tze Han"]
[Black "Gemy, Jose Daniel"]
[Result "0-1"]
[BlackTitle "IM"]
[WhiteElo "2190"]
[BlackElo "2384"]
[WhiteTeam "Malaysia"]
[BlackTeam "Bolivia"]
[WhiteFideId "5700795"]
[BlackFideId "3301478"]
[EventDate "2016.09.02"]

1. e4 e5 2. Nf3 Nc6 3. Bb5 Nge7 4. c3 g6 5. d4 exd4 6. cxd4 d5 7. exd5 Qxd5 8.
Nc3 Qe6+ 9. Be3 Nd5 10. O-O Qd6 11. Re1 Be6 12. Bg5 Bg7 13. Ne4 Qb4 14. Bxc6+
bxc6 15. Nc5 O-O 16. Qd2 Bg4 17. Ne5 Bxe5 18. Rxe5 f6 19. Rxd5 Qxd2 20. Bxd2
cxd5 21. f3 Bc8 22. Re1 Kf7 23. Kf2 g5 24. b3 Re8 25. Rc1 a5 26. a4 Re7 27. Rc2
Bf5 28. Ra2 h5 29. Ra1 c6 30. Rc1 g4 31. Re1 Rxe1 32. Bxe1 Bc2 33. Bd2 Kg6 34.
Bc3 Kf5 35. Bd2 Bd1 36. fxg4+ hxg4 37. Ke1 Bc2 38. Kf2 Kg6 39. Bc3 Kh5 40. Bd2
Kh4 41. Kf1 Rb8 42. Bxa5 Bxb3 43. Be1+ Kg5 44. Bd2+ Kf5 45. a5 Bc4+ 46. Kf2 Rb2
47. Ke3 Ra2 48. Nd7 Bf1 49. g3 Bb5 50. Nc5 Ra3+ 51. Kf2 Rf3+ 52. Kg1 Bf1 53. Be1
Bh3 54. Bf2 Ra3 55. Be1 Ra2 56. a6 Rg2+ 57. Kh1 Re2 58. Ba5 Rf2 0-1

[Event "42nd Olympiad 2016"]
[Site "Baku AZE"]
[Date "2016.09.10"]
[Round "8.44"]
[Board "2"]
[White "Aguilar, Luis Miguel"]
[Black "Subramaniam, Sumant"]
[Result "0-1"]
[WhiteTitle "CM"]
[WhiteElo "2301"]
[BlackElo "2137"]
[WhiteTeam "Bolivia"]
[BlackTeam "Malaysia"]
[WhiteFideId "3303187"]
[BlackFideId "5702720"]
[EventDate "2016.09.02"]

1. g3 d5 2. Bg2 Nf6 3. c4 dxc4 4. Qa4+ Nfd7 5. Qxc4 g6 6. Nf3 Bg7 7. d4 Nb6 8.
Qd3 Nc6 9. Be3 Bf5 10. Qd1 e5 11. Bg5 Qd7 12. Nxe5 Nxe5 13. dxe5 Qxd1+ 14. Kxd1
Bxe5 15. Nc3 f6 16. Bc1 O-O-O+ 17. Ke1 Rhe8 18. e3 Rd3 19. Ne2 Nc4 20. e4 Na3
21. f4 Nc2+ 22. Kf2 Bd6 23. Nc3 Bg4 24. h3 Bc5+ 25. Kf1 Be6 26. b4 Bd4 27. Bb2
Nxa1 28. Bxa1 Bxc3 29. Ke2 Bc4 0-1

[Event "42nd Olympiad 2016"]
[Site "Baku AZE"]
[Date "2016.09.10"]
[Round "8.44"]
[Board "3"]
[White "Abdullah, Mohd Kamal"]
[Black "Delgadillo, Adonay"]
[Result "0-1"]
[WhiteElo "2100"]
[BlackElo "2232"]
[WhiteTeam "Malaysia"]
[BlackTeam "Bolivia"]
[WhiteFideId "5700086"]
[BlackFideId "3301915"]
[EventDate "2016.09.02"]

1. e4 c5 2. Nf3 d6 3. c4 e5 4. Be2 Nc6 5. Nc3 f5 6. d3 Nf6 7. Bg5 Be7 8. Bxf6
Bxf6 9. a3 O-O 10. O-O Kh8 11. Ne1 Nd4 12. Nc2 Qb6 13. b4 Be6 14. Rb1 Qc6 15.
bxc5 Nxe2+ 16. Qxe2 dxc5 17. Nd5 f4 18. a4 Rab8 19. a5 Bd8 20. Qh5 Qd6 21. a6
bxa6 22. Na3 Ba5 23. Qh4 Bb4 24. Nc2 Bxd5 25. exd5 Bc3 26. Qg4 Rb6 27. Na3 Bb2
28. Nc2 Rfb8 29. Ne1 a5 30. Qd1 Rb4 31. Nf3 a4 32. Ng5 Qg6 33. Ne4 a3 34. Ra1
Bxa1 35. Qxa1 f3 36. g3 Qf5 37. Qd1 a2 0-1

[Event "42nd Olympiad 2016"]
[Site "Baku AZE"]
[Date "2016.09.10"]
[Round "8.44"]
[Board "4"]
[White "Parraga, Alejandro"]
[Black "Liew, Chee-Meng Jimmy"]
[Result "0-1"]
[BlackTitle "IM"]
[WhiteElo "2173"]
[BlackElo "2202"]
[WhiteTeam "Bolivia"]
[BlackTeam "Malaysia"]
[WhiteFideId "3300617"]
[BlackFideId "5700019"]
[EventDate "2016.09.02"]

1. Nf3 d5 2. g3 Nf6 3. Bg2 Bg4 4. O-O c6 5. d3 e6 6. Nbd2 Nbd7 7. h3 Bh5 8. Qe1
Qc7 9. e4 dxe4 10. Nxe4 Nxe4 11. Qxe4 Bd6 12. b3 O-O 13. Bb2 Rae8 14. Qd4 e5 15.
Qh4 Bg6 16. Nd2 b5 17. g4 f5 18. gxf5 Rxf5 19. Ne4 Rf4 20. Qg3 Bxe4 21. Bxe4 Nc5
22. Rae1 Ref8 23. f3 Nxe4 24. Rxe4 R8f6 25. Rxf4 exf4 26. Qe1 Rg6+ 27. Kh2 Qd7
28. Rg1 Rxg1 29. Qxg1 Qe7 30. Qg2 b4 31. Qg4 Qe2+ 32. Qg2 Qxg2+ 33. Kxg2 Kf7 34.
Bd4 a6 35. Kf2 g5 36. Ke2 Kg6 37. Bf2 Kf5 38. Bd4 h5 39. c4 bxc3 40. Bxc3 g4 41.
fxg4+ hxg4 42. hxg4+ Kxg4 43. Kf2 Bc5+ 44. d4 Be7 45. b4 Bh4+ 46. Ke2 f3+ 47.
Ke3 Bg5+ 48. Kf2 Bc1 49. a4 Kf4 50. b5 Be3+ 51. Kf1 cxb5 52. axb5 axb5 53. d5
Bc5 0-1

[Event "42nd Olympiad 2016"]
[Site "Baku AZE"]
[Date "2016.09.10"]
[Round "8.45"]
[Board "1"]
[White "Nedev, Trajko"]
[Black "Salem, A.R. Saleh"]
[Result "0-1"]
[WhiteTitle "GM"]
[BlackTitle "GM"]
[WhiteElo "2484"]
[BlackElo "2628"]
[WhiteTeam "FYROM"]
[BlackTeam "United Arab Emirates"]
[WhiteFideId "15000605"]
[BlackFideId "9301348"]
[EventDate "2016.09.02"]

1. e4 e6 2. d4 d5 3. Nd2 c5 4. Ngf3 cxd4 5. exd5 Qxd5 6. Bc4 Qd6 7. O-O Nf6 8.
Nb3 Nc6 9. Nbxd4 Nxd4 10. Nxd4 a6 11. Re1 Qc7 12. Qe2 h6 13. c3 Bd6 14. h3 O-O
15. Bd3 b5 16. a4 b4 17. c4 Rd8 18. Nb3 Bb7 19. Be3 Bh2+ 20. Kh1 Qc6 21. f3 Bc7
22. Nd4 Qd6 23. f4 Bb6 24. Rad1 Bxd4 25. Bb1 Qc5 26. Qd2 Qc6 0-1

[Event "42nd Olympiad 2016"]
[Site "Baku AZE"]
[Date "2016.09.10"]
[Round "8.45"]
[Board "2"]
[White "Omar, Noaman"]
[Black "Pancevski, Filip"]
[Result "1/2-1/2"]
[WhiteTitle "IM"]
[BlackTitle "IM"]
[WhiteElo "2377"]
[BlackElo "2503"]
[WhiteTeam "United Arab Emirates"]
[BlackTeam "FYROM"]
[WhiteFideId "9300244"]
[BlackFideId "15002187"]
[EventDate "2016.09.02"]

1. d4 g6 2. c4 Bg7 3. e4 d6 4. Nc3 e5 5. d5 a5 6. h4 h5 7. g3 Na6 8. Bh3 f5 9.
Nf3 Nf6 10. Ng5 Qe7 11. f3 O-O 12. Be3 Nh7 13. Nxh7 Kxh7 14. Qe2 f4 15. Bxc8
Raxc8 16. gxf4 exf4 17. Bf2 Nb8 18. Nb5 c5 19. O-O-O Nd7 20. Be1 Ne5 21. a4 b6
22. Bc3 Rf7 23. Rdg1 Rg8 24. Rg2 Bf6 25. Be1 Bg7 26. Bc3 Bf6 27. Be1 Rd8 28. Nc3
Bg7 29. Nb5 Bh6 30. Rhg1 Rg8 31. Bc3 Rfg7 32. Kc2 Rf8 33. Qf1 Rgg8 34. Rh1 Bg7
35. Rgh2 Bf6 36. Kb1 Rf7 37. Bd2 Bg7 38. Rg2 Bh6 39. Bc3 Rd8 40. Be1 Bg7 41.
Rhg1 Bf6 42. Rh2 Rg7 43. Rgh1 Nf7 44. Bd2 Be5 45. Qc1 Rf8 46. Ka2 Qf6 47. Kb3
Bd4 48. Bc3 Bxc3 49. bxc3 Ne5 50. Qf1 Kh6 51. Rg2 Rfg8 52. Rg5 Nf7 53. Rhg1 Kh7
54. Qh3 Nxg5 55. hxg5 Qd8 56. Qh4 Rf7 57. Rg2 Re8 58. Rg1 Re5 59. Na3 Kg8 60.
Rg2 Kg7 61. Rg1 Qe7 62. Rg2 Qd7 63. Rf2 Kh7 64. Rf1 Kh8 65. Rf2 Kg8 66. Rf1 Kg7
67. Rf2 Rf8 68. Rf1 Kg8 69. Rf2 Kh8 70. Rf1 Kg7 71. Rf2 Qd8 72. Rg2 Rf7 73. Rg1
Qc8 74. Rf1 Qd7 75. Rg1 Kf8 76. Rg2 Ke8 77. Rg1 Kd8 78. Rg2 Ke7 79. Rg1 Kf8 80.
Rg2 Kg7 1/2-1/2

[Event "42nd Olympiad 2016"]
[Site "Baku AZE"]
[Date "2016.09.10"]
[Round "8.45"]
[Board "3"]
[White "Colovic, Aleksandar"]
[Black "AlHuwar, Jasem"]
[Result "1/2-1/2"]
[WhiteTitle "GM"]
[BlackTitle "FM"]
[WhiteElo "2432"]
[BlackElo "2291"]
[WhiteTeam "FYROM"]
[BlackTeam "United Arab Emirates"]
[WhiteFideId "15000729"]
[BlackFideId "9300465"]
[EventDate "2016.09.02"]

1. d4 d6 2. e4 g6 3. c4 Bg7 4. Nc3 Nc6 5. Be3 e5 6. d5 Nce7 7. g4 f5 8. gxf5
gxf5 9. Qh5+ Kf8 10. Bh3 Nf6 11. Qf3 c6 12. O-O-O cxd5 13. cxd5 b5 14. exf5 Qa5
15. Kb1 Bb7 16. a3 b4 17. axb4 Qxb4 18. Nge2 Rb8 19. Bc1 Nexd5 20. Rxd5 e4 21.
Qf4 Bxd5 22. Rg1 Bc4 23. Rxg7 Kxg7 24. Qh6+ Kf7 25. Bg4 Rhg8 26. Bh5+ Ke7 27.
Kc2 Bb3+ 28. Kb1 Bc4 29. Kc2 Bb3+ 30. Kb1 d5 31. Nf4 Qd6 32. Ne6 Rg1 33. Bg6
Rxg6 34. fxg6 Kxe6 35. Bf4 Qa6 36. Qh3+ Ke7 37. Bxb8 hxg6 38. Be5 Qe6 39. Bxf6+
Kxf6 40. Qh8+ Kf7 41. Qh7+ Kf6 42. Qxa7 Bc4 43. Qd4+ Kf7 44. Qa7+ Kf6 45. Qd4+
Kf7 46. Qxe4 1/2-1/2

[Event "42nd Olympiad 2016"]
[Site "Baku AZE"]
[Date "2016.09.10"]
[Round "8.45"]
[Board "4"]
[White "Mayed, AlRashedi"]
[Black "Lazov, Toni"]
[Result "0-1"]
[WhiteTitle "FM"]
[BlackTitle "FM"]
[WhiteElo "2054"]
[BlackElo "2288"]
[WhiteTeam "United Arab Emirates"]
[BlackTeam "FYROM"]
[WhiteFideId "9303871"]
[BlackFideId "15000770"]
[EventDate "2016.09.02"]

1. e4 c5 2. Nf3 d6 3. d4 cxd4 4. Nxd4 Nf6 5. Nc3 a6 6. g3 e5 7. Nb3 Be7 8. Bg2
Be6 9. O-O Nbd7 10. a4 h6 11. Re1 g5 12. Nd2 g4 13. Nf1 Nb6 14. Ne3 Qd7 15. a5
Nc4 16. Ned5 Qd8 17. Nxf6+ Bxf6 18. Nd5 Bg5 19. f4 gxf3 20. Qxf3 Nxa5 21. Rf1
Bxd5 22. exd5 Rf8 23. Bh3 Nc4 24. Be6 Qe7 25. Qh5 Kd8 26. Bxf7 Bxc1 27. Raxc1
Qg5 28. Qxg5+ hxg5 29. Be6 Ke7 30. b3 Nd2 31. Rxf8 Rxf8 32. Kg2 a5 33. h4 gxh4
34. gxh4 Nf3 35. Kg3 Nd4 36. Bg4 Rg8 37. Kh3 b5 38. Ra1 Ra8 39. Bd1 b4 40. Kg2
Kf6 41. Kf2 e4 0-1